| 000 | 00744nam a2200229Ii 4500 | ||
|---|---|---|---|
| 003 | JO-AjNU | ||
| 008 | 230605s9999||||xx |||||||||||||| ||und|| | ||
| 017 | _a2018/4/2012 | ||
| 020 | _a978-9957-95-554-0 | ||
| 040 |
_aJO-AjNU _bara _erda _cJO-AjNU |
||
| 041 | _aara | ||
| 050 | 1 | 4 | _aHG4026 2019 |
| 100 | 3 |
_aعبد القادر، بسبع , _eauthor _961630 |
|
| 245 | 0 | 0 | _aإدارة المخاطر المالية |
| 250 | _aط1 | ||
| 264 | 3 | 1 | _aعمان: دار الأيام للنشر والتوزيع ،2019 |
| 300 | _a248ص | ||
| 336 |
_atext _btxt _2rdacontent |
||
| 337 |
_aunmediated _bn _2rdamedia |
||
| 338 |
_avolume _bnc _2rdacarrier |
||
| 650 | 4 |
_aالاسواق المالية- الاستثمار-الاقتصاد _961631 |
|
| 999 |
_aA27867 _c31435 _d31435 |
||